| 000 | 00812cam a2200157 4500500 | ||
|---|---|---|---|
| 005 | 20260111090516.0 | ||
| 041 | _afre | ||
| 042 | _adc | ||
| 100 | 1 | 0 |
_aVallin, Pierre _eauthor |
| 245 | 0 | 0 | _aAntoine Caron, Les Saint-Simoniens, Raison, imaginaire et utopie. Belin, 2002, 384 pages |
| 260 | _c2003. | ||
| 500 | _a78 | ||
| 520 | _aRésuméDans ses pièces comme dans ses discours, l’ancien Président tchèque n’a cessé de déplorer la perte du sens de la responsabilité et d’évoquer ce qu’il appelle la crise de l’identité humaine, produit d’une civilisation technique qui a oublié que l’homme n’est pas Dieu. | ||
| 786 | 0 | _nÉtudes | 398 | 4 | 2003-04-01 | p. 557zj-575zj | 0014-1941 | |
| 856 | 4 | 1 | _uhttps://shs.cairn.info/revue-etudes-2003-4-page-557zj?lang=fr&redirect-ssocas=7080 |
| 999 |
_c1619057 _d1619057 |
||